00294nam a2200133Ia 4500003000900000008004100009040001300050040001300063245004800076245001100124260001100135300000800146490000600154IT-RoPAU120407s9999 xx 000 0 und d aIT-RoPAU cIT-RoPAU aTe Deum laudamus. Preghiere di una volta… cAA.VV. aMursia c cm v1